[Event "Mecklenburg VP-chC"]
[Site "Greifswald"]
[Date "2024.03.25"]
[Round "5"]
[White "Benik, Egbert"]
[Black "Subocz, Barbara"]
[Result "0-1"]
[WhiteElo "1620"]
[BlackElo "1145"]
[PlyCount "80"]
[EventDate "2024.03.23"]
[EventType "swiss"]
[EventRounds "7"]
[EventCountry "GER"]
[SourceTitle "CB14_2024"]
[SourceDate "2024.04.01"]
[SourceVersion "1"]
[SourceVersionDate "2024.04.01"]
[SourceQuality "1"]

1. b3 c5 2. Bb2 d6 3. e3 Nf6 4. Bxf6 exf6 5. Bb5+ Bd7 6. Qe2 g6 7. Qd3 a6 8. Qe4+ Be7 9. Qxb7 axb5 10. Qxa8 Bc6 11. Qa3 Bxg2 12. Qb2 Bxh1 13. Nc3 Bc6 14. f3 Bf8 15. Nce2 Bg7 16. c3 0-0 17. Qc2 f5 18. Rb1 Qc7 19. Ng3 Nd7 20. f4 Nf6 21. h3 Ne4 22. N1e2 Ra8 23. Nxe4 Bxe4 24. d3 Bb7 25. Rd1 Qa5 26. Rd2 Bf3 27. b4 cxb4 28. cxb4 Qxb4 29. d4 Be4 30. Qb2 Qa5 31. Nc1 Rc8 32. Nb3 Qb4 33. Kf2 h6 34. a3 Qa4 35. Na1 Qa8 36. Kg3 Bh1 37. Rf2 Re8 38. Qc3 Bf6 39. Nc2 Qd8 40. Rh2 Bh4# 0-1

[Event "Mecklenburg VP-chC"]
[Site "Greifswald"]
[Date "2024.03.23"]
[Round "1"]
[White "Schroeder, Hannes Artur"]
[Black "Subocz, Barbara"]
[Result "1-0"]
[WhiteElo "1586"]
[BlackElo "1145"]
[PlyCount "113"]
[EventDate "2024.03.23"]
[EventType "swiss"]
[EventRounds "7"]
[EventCountry "GER"]
[SourceTitle "CB14_2024"]
[SourceDate "2024.04.01"]
[SourceVersion "1"]
[SourceVersionDate "2024.04.01"]
[SourceQuality "1"]

1. e4 c5 2. Nf3 d6 3. d4 cxd4 4. Nxd4 Nf6 5. Nc3 g6 6. Be3 Bg7 7. f3 0-0 8. Qd2 Nc6 9. 0-0-0 Qb6 10. Ne6 Qa5 11. Nxf8 Kxf8 12. Bh6 Be6 13. Bxg7+ Kxg7 14. Kb1 Rb8 15. Nd5 Qc5 16. b4 Nxb4 17. Qxb4 Qc6 18. Bb5 Qc8 19. Ba4 b5 20. Bb3 Nxd5 21. Bxd5 Bd7 22. Kb2 Qc7 23. Qc3+ Qxc3+ 24. Kxc3 b4+ 25. Kb2 a5 26. Rb1 e6 27. Bc4 Rc8 28. Bd3 a4 29. Kc1 b3 30. axb3 axb3 31. Rxb3 Ba4 32. Ra3 Bd7 33. Kd2 Kf6 34. Ra7 Be8 35. Rha1 Rc5 36. R1a5 Rxa5 37. Rxa5 Bd7 38. h4 h5 39. f4 Ke7 40. f5 exf5 41. exf5 gxf5 42. Bxf5 Bc6 43. g3 Kf6 44. Ke3 d5 45. Ra6 Kxf5 46. Rxc6 Kg4 47. Rh6 f5 48. Kd4 Kxg3 49. Rxh5 f4 50. Rf5 f3 51. h5 f2 52. Rxf2 Kxf2 53. h6 Ke2 54. h7 Kd2 55. h8Q Kxc2 56. Kxd5 Kd3 57. Qh3+ 1-0

[Event "GER-ch U10 Girls"]
[Site "Willingen"]
[Date "2022.06.10"]
[Round "9"]
[White "Jiang, Lucia"]
[Black "Subocz, Barbara"]
[Result "1-0"]
[WhiteElo "919"]
[BlackElo "902"]
[PlyCount "95"]
[EventDate "2022.06.04"]
[EventType "swiss"]
[EventRounds "11"]
[EventCountry "GER"]
[SourceTitle "CBM 208 Extra"]
[Source "ChessBase"]
[SourceDate "2022.07.31"]
[SourceVersion "1"]
[SourceVersionDate "2022.07.31"]
[SourceQuality "1"]

1. e4 e5 2. Nf3 Nc6 3. Bc4 Bc5 4. Nc3 Nf6 5. d3 d6 6. h3 0-0 7. Bg5 h6 8. Bh4 Be6 9. Bb3 Qe7 10. 0-0 a5 11. Qe2 Bxb3 12. axb3 Qe6 13. Nb5 Rac8 14. Rfd1 b6 15. Rd2 Nd4 16. Nbxd4 exd4 17. Ra4 Bb4 18. Rd1 c5 19. Rc1 d5 20. Bxf6 gxf6 21. c3 dxc3 22. bxc3 Bxc3 23. Rxc3 Kh7 24. Rc2 Rg8 25. Kf1 f5 26. exd5 Qg6 27. Nh4 Qg5 28. Qf3 b5 29. Rf4 Rce8 30. Rxc5 Qe7 31. Rc1 Qa3 32. Re1 Rxe1+ 33. Kxe1 Qc1+ 34. Ke2 Re8+ 35. Re4 fxe4 36. Qf5+ Kg8 37. dxe4 Qc2+ 38. Kf3 Qxb3+ 39. Kg4 Qd1+ 40. Kg3 Qd3+ 41. f3 Qc3 42. Qg4+ Kf8 43. Qf4 Qe5 44. Ng6+ Kg7 45. Nxe5 a4 46. Ng4 a3 47. Qxh6+ Kg8 48. Nf6# 1-0